=LDR 00000nam 2200000 4500 =001 INLIS000000000032385 =990 ##$$a 0001/BPAP-NTB/20142015 =005 20130612134407 =990 ##$$a 0001/BPAP-NTB/2015 =008 ***********************************ind** =035 ##$$0010-061300000032385 =041 ##$$a ind =082 ##$$a 813 =090 ##$$a 813, Gir k =100 ##$$a GIRIARSO, Jodhi P =245 ##$$a Konspirasi mNuklir, Jodhi P Giriarso ; Editor,Amghita Dhyaningrum =260 ##$$a 2009 $b Jakarta =300 ##$$a vii, 335 hlm, 20 cm =650 ##$$a Fiksi =700 ##$$a Dhyaningrum, Amghita =850 ##$$a NBPNMAT =990 ##$$a 0001/BPAP-NTB/20142015 =990 ##$$a 0001/BPAP-NTB/2015